BIOLOGY:CONCEPTS AND CONNECTIONS (Record no. 62874)
[ view plain ]
| 000 -LEADER | |
|---|---|
| fixed length control field | 00238nam a2200097Ia 4500 |
| 050 ## - LIBRARY OF CONGRESS CALL NUMBER | |
| Classification number | QH308.2.2000 |
| 100 ## - MAIN ENTRY--PERSONAL NAME | |
| Personal name | NEIL A. CAMPBELL |
| 245 #0 - TITLE STATEMENT | |
| Title | BIOLOGY:CONCEPTS AND CONNECTIONS |
| 942 ## - ADDED ENTRY ELEMENTS (KOHA) | |
| Koha item type | Long Loan Book |
| Withdrawn status | Lost status | Source of classification or shelving scheme | Damaged status | Not for loan | Collection | Home library | Current library | Date acquired | Inventory number | Total checkouts | Full call number | Barcode | Date last seen | Copy number | Price effective from | Koha item type | Shelving location |
|---|---|---|---|---|---|---|---|---|---|---|---|---|---|---|---|---|---|
| Library of Congress Classification | Science & Technology | Kisii University Library | Kisii University Library | 09/02/2024 | 57089 | QH 308.2 .C36 2006 | 034930 | 09/02/2024 | C.2 | 09/02/2024 | Long Loan Book | ||||||
| Library of Congress Classification | Science & Technology | Kisii University Library | Kisii University Library | 09/02/2024 | 57088 | QH 308.2 .C36 2000 | 034851 | 09/02/2024 | C.1 | 09/02/2024 | Long Loan Book | On Display | |||||
| Library of Congress Classification | Science & Technology | Kisii University Library | Kisii University Library | 01/26/2026 | 62617 | QH308.2 .B56 2009 | 000000019059 | 01/26/2026 | 1 | 01/26/2026 | Long Loan Book | On Display |